| 000 | 00784nam a2200253Ia 4500 | ||
|---|---|---|---|
| 999 |
_c54267 _d54267 |
||
| 001 | 21323 | ||
| 003 | GE_BSU | ||
| 005 | 20210731174416.0 | ||
| 008 | 181216s ||||gw |||||||||||||| ||eng|| | ||
| 020 | _a9783658155148 | ||
| 040 | _cGE_BSU | ||
| 080 | _a338.48+796.5 Z-24 | ||
| 100 |
_aZanger, Cornelia _912350 |
||
| 245 |
_aEvents Und Tourismus : _bStand und Perspektiven der Eventforschund / _cCornelia Zanger. |
||
| 264 |
_aWiesbaden : _bSpringer Gabler, _c2016. |
||
| 300 |
_a333 p. ; _c21cm. |
||
| 440 |
_aMarkenkommunikation und Beziehungsmarketing _912351 |
||
| 541 | _h161 Gel. | ||
| 653 | _aEvents Und Tourismus | ||
| 653 | _aStand und Perspektiven der Eventforschund | ||
| 653 | _aეკონომიკა | ||
| 653 | _a ტურიზმი | ||
| 942 |
_cBK _2udc |
||